<?xml version="1.0" encoding="UTF-8"?>
<collection xmlns="http://www.loc.gov/MARC21/slim">
 <record>
  <leader>01252nab a2200181 i 4500</leader>
  <controlfield tag="001">misc42169</controlfield>
  <controlfield tag="005">20191106140540.0</controlfield>
  <controlfield tag="008">180706s2011    hu      o     0||   zxx d</controlfield>
  <datafield tag="022" ind1=" " ind2=" ">
   <subfield code="a">1215-5233</subfield>
  </datafield>
  <datafield tag="040" ind1=" " ind2=" ">
   <subfield code="a">SZTE Miscellanea Repozitórium</subfield>
   <subfield code="b">hun</subfield>
  </datafield>
  <datafield tag="041" ind1=" " ind2=" ">
   <subfield code="a">zxx</subfield>
  </datafield>
  <datafield tag="100" ind1="2" ind2=" ">
   <subfield code="a">Dringó-Horváth Ida</subfield>
  </datafield>
  <datafield tag="245" ind1="1" ind2="0">
   <subfield code="a">Hogyan válasszunk elektronikus szótárat a nyelvtanuláshoz?</subfield>
   <subfield code="h">[elektronikus dokumentum] /</subfield>
   <subfield code="c"> Dringó-Horváth Ida</subfield>
  </datafield>
  <datafield tag="260" ind1=" " ind2=" ">
   <subfield code="c">2011</subfield>
  </datafield>
  <datafield tag="300" ind1=" " ind2=" ">
   <subfield code="a">141-156</subfield>
  </datafield>
  <datafield tag="490" ind1="0" ind2=" ">
   <subfield code="a">Iskolakultúra</subfield>
   <subfield code="v">21 No. 6-7</subfield>
  </datafield>
  <datafield tag="520" ind1="3" ind2=" ">
   <subfield code="a">Korunk nyelvoktatása egyre szorosabban egybefonódik a modern technológia vívmányival (Würffel, 2010). Az elmúlt évek, évtizedek folyamán folyamatosan jelentek meg a modern oktatási eszközök felhasználási lehetőségeivel, értékelési és elemzési szempontjaival foglalkozó munkák, de a technológiai fejlődés mindig új és újabb lehetőségekkel és kihívásokkal szembesíti a nyelvtanulót és a nyelvtanárt egyaránt. (1) Az alábbi cikk az egyik legalapvetőbb és folyamatosan növekvő jelentőséggel bíró modern nyelvtanulási segédeszköz, az elektronikus szótár témakörével foglalkozik.</subfield>
  </datafield>
  <datafield tag="856" ind1="4" ind2="0">
   <subfield code="u">http://misc.bibl.u-szeged.hu/42169/1/EPA00011_iskolakultura_2011_06-07_141-156.pdf</subfield>
   <subfield code="z">Dokumentum-elérés </subfield>
  </datafield>
 </record>
</collection>
